[Event "ch-European Rapid 2013"]
[Site "Warsaw POL"]
[Date "2013.12.14"]
[Round "7.33"]
[White "Sudakova, Irina"]
[Black "Dragun, Kamil"]
[Result "1/2-1/2"]
[WhiteTitle "WGM"]
[BlackTitle "GM"]
[WhiteElo "2356"]
[BlackElo "2530"]
[WhiteFideId "4129903"]
[BlackFideId "1134167"]
[EventDate "2013.12.14"]

1. e4 c5 2. Ne2 d6 3. g3 g6 4. Bg2 Bg7 5. c3 Nf6 6. d4 O-O 7. O-O Nbd7 8. h3 Rb8
9. Be3 b6 10. f4 Bb7 11. Nd2 e6 12. g4 e5 13. dxe5 dxe5 14. f5 h6 15. g5 hxg5
16. Bxg5 Qc7 17. c4 Nh5 18. Nc3 Nf4 19. Nb5 Qc6 20. Nxa7 Qd6 21. Nb5 Qc6 22. Na7
Qd6 23. Nb5 Qc6 24. Na7 Qd6 25. Nb5 Qc6 26. Na7 Qd6 27. Nb5 Qd3 28. Rf3 Qe2 29.
Bxf4 Qxd1+ 30. Rxd1 exf4 31. Rxf4 Bxb2 32. fxg6 fxg6 33. Rxf8+ Rxf8 34. Nf1 Nf6
35. Rd6 Kg7 36. Rxb6 Bc8 37. Rc6 Nh5 38. Rc7+ Kh6 39. Rxc5 Nf4 40. Rc7 Be6 41.
Rc6 Bg8 42. Ne3 Be6 43. h4 Ne2+ 44. Kh1 Bd7 45. Rd6 Bc8 46. Nf5+ Bxf5 47. exf5
Rxf5 48. Rd2 Ng3+ 49. Kg1 Bc1 50. Rd3 Ne2+ 51. Kh1 Rf2 52. Rf3 Rxf3 53. Bxf3
Ng3+ 54. Kg2 Nf5 55. Kh3 Be3 56. a4 Bb6 57. Bd5 Kg7 58. Kg4 Kf6 59. Nc3 Ke5 60.
Kg5 Ne7 61. Ne2 Be3+ 62. Kg4 Nxd5 63. cxd5 Kxd5 64. Nf4+ Kc5 65. Nxg6 Bh6 66.
Nf4 Kb4 67. Ne6 Kxa4 68. Kh5 Be3 69. Kg6 Kb5 70. h5 Kc6 71. Ng5 Kd7 72. h6 Ke7
73. h7 Bd4 74. Nf3 Bc3 75. Nh4 Kf8 76. Nf5 Bh8 77. Nd6 Bb2 78. Nf7 Bc3 79. Ng5
Bh8 80. Ne6+ Ke7 81. Ng7 Kf8 82. Nh5 Ke7 83. Nf4 Kf8 84. Nd5 Ke8 85. Nf4 Kf8 86.
Ne6+ Ke7 87. Ng7 Kf8 88. Nf5 Be5 89. Nh6 Bh8 90. Nf7 Bd4 91. h8=Q+ 1/2-1/2

[Event "ch-European Rapid 2013"]
[Site "Warsaw POL"]
[Date "2013.12.14"]
[Round "7.34"]
[White "Kovalev, Vladislav"]
[Black "Warszawski, Bartosz"]
[Result "1-0"]
[WhiteTitle "GM"]
[WhiteElo "2574"]
[BlackElo "2232"]
[WhiteFideId "13504398"]
[BlackFideId "1110799"]
[EventDate "2013.12.14"]

1. e4 c5 2. Nf3 e6 3. d4 cxd4 4. Nxd4 Nc6 5. Nc3 Qc7 6. Be2 a6 7. O-O Nf6 8. Be3
Bb4 9. Na4 Be7 10. Nxc6 bxc6 11. Nb6 Rb8 12. Nxc8 Qxc8 13. e5 Nd5 14. Bc1 c5 15.
f4 O-O 16. f5 f6 17. fxe6 dxe6 18. exf6 Bxf6 19. c3 Rd8 20. Qa4 Rb6 21. Qe4 g6
22. a4 a5 23. Bb5 Bg7 24. Bg5 Rf8 25. Rxf8+ Qxf8 26. Rf1 Qd6 27. Qf3 Rb8 28.
Qf7+ Kh8 29. Qa7 Rf8 30. Qxa5 h6 31. Bc1 Rxf1+ 32. Bxf1 Be5 33. Qa8+ Kg7 34.
Qb7+ Kf6 35. Bxh6 Bxh2+ 36. Kh1 Qc7 37. Qa8 Bd6 38. Qh8+ Kf5 39. Bd3+ Kg4 40.
Be2+ Kf5 41. Bf3 Bg3 42. Bg7 Qf4 43. Qf8+ Kg5 44. Bh6+ 1-0

[Event "ch-European Rapid 2013"]
[Site "Warsaw POL"]
[Date "2013.12.14"]
[Round "7.35"]
[White "Musialkiewicz, Jan"]
[Black "Kuzmicz, Krystian"]
[Result "0-1"]
[BlackTitle "IM"]
[WhiteElo "2298"]
[BlackElo "2451"]
[WhiteFideId "1141929"]
[BlackFideId "1119125"]
[EventDate "2013.12.14"]

1. e4 c5 2. Nf3 e6 3. c4 Nc6 4. Nc3 e5 5. d3 g6 6. g3 Bg7 7. Bg2 Nge7 8. O-O d6
9. Be3 O-O 10. Qd2 f5 11. Bg5 Be6 12. Nd5 Qd7 13. Ne1 Rf7 14. Nc2 Raf8 15. Bh3
h6 16. Bxe7 Nxe7 17. Nce3 f4 18. Nxe7+ Rxe7 19. Bxe6+ Qxe6 20. Nd5 Ref7 21. Kg2
h5 22. f3 g5 23. h3 g4 24. hxg4 hxg4 25. Qe2 fxg3 26. Kxg3 gxf3 27. Qh2 f2 28.
Qh5 Bh8 29. Qg4+ Rg7 0-1

[Event "ch-European Rapid 2013"]
[Site "Warsaw POL"]
[Date "2013.12.14"]
[Round "7.36"]
[White "Korchmar, Vasiliy"]
[Black "Milliet, Sophie"]
[Result "1-0"]
[WhiteTitle "FM"]
[BlackTitle "IM"]
[WhiteElo "2347"]
[BlackElo "2387"]
[WhiteFideId "24131750"]
[BlackFideId "623725"]
[EventDate "2013.12.14"]

1. d4 Nf6 2. c4 c5 3. d5 b5 4. cxb5 a6 5. bxa6 g6 6. Nc3 Bxa6 7. e4 Bxf1 8. Kxf1
d6 9. Nf3 Bg7 10. g3 O-O 11. Kg2 Nbd7 12. a4 Ra6 13. Qc2 Qa8 14. Ra3 Rc8 15. h3
c4 16. Be3 Nc5 17. Bxc5 Rxc5 18. Nb5 Nd7 19. Nbd4 Nb6 20. Rha1 Rca5 21. Nb5 Qb7
22. Nd2 Qc8 23. R1a2 Qc5 24. Nc3 e6 25. dxe6 fxe6 26. Nb5 Ra8 27. Nf1 d5 28.
exd5 exd5 29. Qe2 Qc6 30. Kh2 Rxa4 31. Rxa4 Rxa4 32. Nc3 Rxa2 33. Nxa2 d4 34.
Nb4 Qd6 35. Qe8+ Bf8 36. Nc6 d3 37. Ne5 Qf6 38. Ng4 Qe7 39. Qc6 Qd6 40. Qe8 Nd5
41. Ne5 Qe7 42. Qxe7 Bxe7 43. Nxc4 Bb4 44. Kg2 Kf7 45. Ne5+ Ke6 46. Nxd3 Bd6 47.
Kf3 Nb6 48. Ke4 Bf8 49. Nd2 Bg7 50. Nf3 Na4 51. Ng5+ Ke7 52. Nxh7 Nxb2 53. Nxb2
Bxb2 54. Kf4 Bc1+ 55. Kg4 Kf7 56. f4 Bd2 57. Ng5+ Kg7 58. Kf3 Bc1 59. Ke4 Bd2
60. g4 Bc1 61. Nf3 Kf6 62. Ng5 Kg7 63. Ke5 Bd2 64. Ne4 Bc1 65. f5 Bb2+ 66. Ke6
gxf5 67. Kxf5 Kh6 68. g5+ Kg7 69. h4 Bc1 70. h5 Bb2 71. h6+ Kh7 72. Nf6+ Kh8 73.
g6 1-0

[Event "ch-European Rapid 2013"]
[Site "Warsaw POL"]
[Date "2013.12.14"]
[Round "7.37"]
[White "Shkapenko, Pavel"]
[Black "Piesik, Piotr"]
[Result "1-0"]
[WhiteTitle "IM"]
[WhiteElo "2406"]
[BlackElo "2207"]
[WhiteFideId "4151933"]
[BlackFideId "1136194"]
[EventDate "2013.12.14"]

1. e4 e6 2. d4 d5 3. exd5 exd5 4. Nf3 Bd6 5. c4 dxc4 6. Bxc4 Nf6 7. O-O O-O 8.
Nc3 Bf5 9. Bg5 h6 10. Bh4 Nbd7 11. Bb3 c6 12. Re1 Qc7 13. d5 Nc5 14. Bxf6 gxf6
15. dxc6 bxc6 16. Bc2 Bg6 17. b4 Nd7 18. Bxg6 fxg6 19. Qd3 f5 20. Rad1 Rf6 21.
Nd5 cxd5 22. Qxd5+ Kg7 23. Qxa8 Bxb4 24. Re8 Bf8 25. Nd4 Nc5 26. Ree1 a6 27. Qd5
Qf7 28. Qxf7+ Kxf7 29. Nb3 Rb6 30. Nxc5 Bxc5 31. Rb1 Rd6 32. Red1 Re6 33. Kf1
Re4 34. Rbc1 Bb4 35. Rd7+ Kf6 36. Rc6+ Kg5 37. g3 a5 38. Rg7 Kg4 39. Kg2 Kh5 40.
Rgxg6 Bd2 41. Rge6 Ra4 42. f4 Bxf4 43. gxf4 Rxa2+ 44. Kf3 Ra3+ 45. Re3 1-0

[Event "ch-European Rapid 2013"]
[Site "Warsaw POL"]
[Date "2013.12.14"]
[Round "7.38"]
[White "Golubka, Petr"]
[Black "Gurvich, Vitaly"]
[Result "1-0"]
[WhiteTitle "IM"]
[WhiteElo "2385"]
[BlackElo "2094"]
[WhiteFideId "14114224"]
[BlackFideId "24164852"]
[EventDate "2013.12.14"]

1. e4 c5 2. Nf3 d6 3. d4 cxd4 4. Nxd4 Nf6 5. Nc3 a6 6. Be3 e6 7. f3 Be7 8. Qd2
O-O 9. g4 Nc6 10. g5 Nd7 11. h4 Rb8 12. Be2 Nxd4 13. Bxd4 b5 14. a3 Nb6 15. f4
d5 16. exd5 Nxd5 17. Be5 Bb7 18. Nxd5 Qxd5 19. Qxd5 Bxd5 20. Rf1 Rbc8 21. O-O-O
Rfd8 22. c3 Bc6 23. h5 Bc5 24. b4 Be7 25. Bg4 Be4 26. Kb2 Bd3 27. Rfe1 Bc4 28.
Bf3 f6 29. gxf6 gxf6 30. Bd4 Rd7 31. h6 Bf8 32. Rg1+ Kf7 33. Bh5+ Ke7 34. Bxf6+
Kxf6 35. Rxd7 Kf5 36. Rxh7 Kxf4 37. Rf7+ Ke3 38. h7 1-0

[Event "ch-European Rapid 2013"]
[Site "Warsaw POL"]
[Date "2013.12.14"]
[Round "7.39"]
[White "Gerasimenyk, Mikhail"]
[Black "Meskovs, Nikita"]
[Result "0-1"]
[WhiteTitle "FM"]
[BlackTitle "FM"]
[WhiteElo "2188"]
[BlackElo "2431"]
[WhiteFideId "14111845"]
[BlackFideId "11602740"]
[EventDate "2013.12.14"]

1. d4 Nf6 2. Nf3 e6 3. Bg5 Be7 4. Nbd2 O-O 5. e4 d6 6. Bd3 c5 7. c3 Nc6 8. O-O
a6 9. Qe2 cxd4 10. cxd4 h6 11. Bh4 Nb4 12. Bb1 Bd7 13. Bxf6 gxf6 14. Qe3 Kg7 15.
a3 Nc6 16. Qf4 e5 17. Qg3+ Kh7 18. d5 Rg8 19. Qh4 Na7 20. h3 f5 21. Qh5 f4 22.
Qxf7+ Rg7 23. Qh5 Qg8 24. Kh1 Rf8 25. Nh2 f3 26. gxf3 Be8 27. Qf5+ Rxf5 28. exf5
Kh8 29. Ng4 Qf7 30. Be4 Qh5 31. Kh2 Bd7 32. Nc4 Nb5 33. Nce3 Nd4 34. Rac1 Ne2 0-1

[Event "ch-European Rapid 2013"]
[Site "Warsaw POL"]
[Date "2013.12.14"]
[Round "7.40"]
[White "Orndahl, Markus"]
[Black "Schoorl, Rob"]
[Result "0-1"]
[BlackTitle "FM"]
[WhiteElo "2206"]
[BlackElo "2317"]
[WhiteFideId "1709135"]
[BlackFideId "1009508"]
[EventDate "2013.12.14"]

1. e4 e5 2. Nf3 Nc6 3. Nc3 g6 4. d4 exd4 5. Nxd4 Bg7 6. Be3 Nf6 7. f3 O-O 8. Nb3
Re8 9. Qd2 d5 10. O-O-O dxe4 11. Qf2 Qe7 12. Bc5 Qe5 13. f4 Qf5 14. h3 e3 15.
Bxe3 Ne4 16. Nxe4 Qxe4 17. Re1 Bf5 18. Bd3 Qa4 19. Bxf5 Qxa2 20. Bd3 Qxb2+ 21.
Kd1 Nb4 22. Bc1 Nxd3 23. Bxb2 Nxf2+ 24. Kc1 Bxb2+ 25. Kxb2 Nxh1 26. Rxh1 Rad8
27. Ra1 a6 28. Nc5 Re2 29. Kc3 Rxg2 30. Nxb7 Ra8 31. Nc5 Rg3+ 32. Kd4 Rxh3 33.
Ke5 Kg7 34. c4 Rd8 35. f5 Re8+ 36. Kd5 Rh5 37. Rxa6 Rxf5+ 38. Kc6 Ree5 39. Nd7
Re6+ 40. Kxc7 Rxa6 0-1

[Event "ch-European Rapid 2013"]
[Site "Warsaw POL"]
[Date "2013.12.14"]
[Round "7.41"]
[White "Paprocki, Jaroslaw"]
[Black "Westerberg, Jonathan"]
[Result "1-0"]
[BlackTitle "FM"]
[WhiteElo "2199"]
[BlackElo "2397"]
[WhiteFideId "1122274"]
[BlackFideId "1701754"]
[EventDate "2013.12.14"]

1. d4 e6 2. c4 f5 3. Nf3 Nf6 4. g3 Be7 5. Bg2 O-O 6. O-O d6 7. Bf4 Qe8 8. Nc3 h6
9. b4 Nbd7 10. Qb3 Qf7 11. Nb5 Bd8 12. c5 a6 13. Nc3 Nh5 14. Bd2 e5 15. Qxf7+
Rxf7 16. dxe5 dxe5 17. Rad1 e4 18. Nd4 Ne5 19. Bc1 Bf6 20. Nd5 Be6 21. Nxe6 1-0

[Event "ch-European Rapid 2013"]
[Site "Warsaw POL"]
[Date "2013.12.14"]
[Round "7.42"]
[White "Wiewiora, Eneasz"]
[Black "Putka, Verners"]
[Result "1-0"]
[WhiteElo "2232"]
[BlackElo "2323"]
[WhiteFideId "1140396"]
[BlackFideId "11600659"]
[EventDate "2013.12.14"]

1. e4 e5 2. Nf3 Nf6 3. Nxe5 d6 4. Nxf7 Kxf7 5. Nc3 c5 6. Bc4+ Be6 7. Bxe6+ Kxe6
8. d4 cxd4 9. Qxd4 Nc6 10. Qc4+ Kd7 11. Bf4 Rc8 12. O-O-O Qe8 13. Rhe1 Qe6 14.
Qa4 Ne8 15. e5 g5 16. Ne4 Qf5 17. Bg3 h5 18. Qb5 Kd8 19. Nc5 b6 20. Nb7+ Ke7 21.
exd6+ Kf6 22. Qxf5+ Kxf5 23. d7 Ra8 24. dxe8=Q Rxe8 25. Rxe8 g4 26. Kb1 1-0

[Event "ch-European Rapid 2013"]
[Site "Warsaw POL"]
[Date "2013.12.14"]
[Round "7.43"]
[White "Minko, Vladimir"]
[Black "Pedzich, Dominik"]
[Result "1-0"]
[WhiteTitle "FM"]
[BlackTitle "IM"]
[WhiteElo "2327"]
[BlackElo "2384"]
[WhiteFideId "24146706"]
[BlackFideId "1100130"]
[EventDate "2013.12.14"]

1. d4 d6 2. Nf3 Nf6 3. c4 Nbd7 4. g3 c6 5. Bg2 e5 6. Nc3 Be7 7. e4 O-O 8. O-O a6
9. a3 b5 10. cxb5 axb5 11. Be3 Bb7 12. h3 Re8 13. Qc2 Rc8 14. Rfd1 Qc7 15. Rac1
Qb8 16. dxe5 dxe5 17. h4 Nf8 18. Qb3 h6 19. Ne1 Ng4 20. Bb6 Ba8 21. Bh3 h5 22.
Bxg4 hxg4 23. Be3 Ne6 24. Qc2 Nd4 25. Bxd4 exd4 26. Rxd4 c5 27. Rdd1 Bf6 28. Nd5
Be5 29. Ng2 Bxd5 30. Rxd5 Bd4 31. Nf4 Rcd8 32. Rxd8 Qxd8 33. Qe2 Qd7 34. b4 c4
35. Rd1 Qa7 36. Qxg4 Bxf2+ 37. Kg2 Bd4 38. Nd5 Be5 39. Qf3 Re6 40. Qf5 Qxa3 41.
Nf4 Re8 42. Rd7 Qb2+ 43. Kh3 Rf8 44. Nd5 g6 45. Ne7+ Kg7 46. Nxg6 Bf6 47. Nxf8
Kg8 1-0

[Event "ch-European Rapid 2013"]
[Site "Warsaw POL"]
[Date "2013.12.14"]
[Round "7.44"]
[White "Mastalerz, Xavier"]
[Black "Beinoras, Mindaugas"]
[Result "0-1"]
[BlackTitle "IM"]
[WhiteElo "2131"]
[BlackElo "2404"]
[WhiteFideId "208310"]
[BlackFideId "12802085"]
[EventDate "2013.12.14"]

1. d4 d5 2. Nf3 c6 3. c4 dxc4 4. a4 Nf6 5. e3 Be6 6. Na3 c5 7. Nxc4 Nc6 8. Be2
cxd4 9. exd4 Bd5 10. O-O e6 11. Nce5 Be7 12. Nxc6 bxc6 13. Ne5 O-O 14. Be3 Rb8
15. Qc1 Qc7 16. Bc4 Rfc8 17. Ba6 Rd8 18. Bc4 c5 19. Bb5 Bd6 20. f4 cxd4 21. Bxd4
Qb7 22. Bc6 Bxc6 23. Nxc6 Rdc8 24. Nxb8 Rxc1 25. Raxc1 Qxb8 26. g3 h6 27. Rc4
Kh7 28. Rfc1 e5 29. fxe5 Bxe5 30. Bf2 h5 31. b4 Ng4 32. Bc5 Qb7 33. a5 a6 34.
Bb6 Qd5 35. Bc5 Bb2 36. R1c2 Ne5 37. Rxb2 Qxc4 38. Rf2 0-1

[Event "ch-European Rapid 2013"]
[Site "Warsaw POL"]
[Date "2013.12.14"]
[Round "7.45"]
[White "Leks, Maria"]
[Black "Przybylski, Wojciech"]
[Result "0-1"]
[WhiteTitle "WCM"]
[BlackTitle "FM"]
[WhiteElo "2076"]
[BlackElo "2342"]
[WhiteFideId "1134957"]
[BlackFideId "1117599"]
[EventDate "2013.12.14"]

1. e4 e5 2. Nf3 Nf6 3. Nc3 Nc6 4. d4 exd4 5. Nxd4 Bb4 6. Nxc6 bxc6 7. Bd3 O-O 8.
O-O d6 9. Bg5 h6 10. Bh4 Bc5 11. h3 Re8 12. Rb1 Qe7 13. Qf3 Bd4 14. Ne2 Be5 15.
Bg3 c5 16. Qe3 Rb8 17. c3 Nd7 18. Rfe1 Bb7 19. Bc2 Bf6 20. Nf4 Bg5 21. Qe2 g6
22. f3 Bh4 23. Qf2 Bxg3 24. Qxg3 Qg5 25. Qxg5 hxg5 26. Ne2 Ba6 27. b3 Bxe2 28.
Rxe2 Kg7 29. b4 Ne5 30. Ree1 Rb6 31. bxc5 dxc5 32. a4 Reb8 33. a5 Rxb1 34. Rxb1
Rxb1+ 35. Bxb1 Kf6 36. Ba2 c4 37. Kf2 Ke7 38. Ke3 Kd6 39. Kd4 c5+ 40. Ke3 Kc6
41. g3 Kb5 42. f4 gxf4+ 43. gxf4 Nc6 44. f5 g5 45. Bb1 f6 46. Bc2 Kxa5 47. e5
Nxe5 48. Ke4 Kb5 49. Kd5 g4 50. h4 g3 51. Be4 a5 52. h5 Ng4 53. Bf3 a4 54. Ke6
a3 0-1

[Event "ch-European Rapid 2013"]
[Site "Warsaw POL"]
[Date "2013.12.14"]
[Round "7.46"]
[White "Klekowski, Maciej"]
[Black "Vasyliv, Stanislav"]
[Result "1-0"]
[WhiteElo "2402"]
[BlackElo "1894"]
[WhiteFideId "1132717"]
[BlackFideId "14134373"]
[EventDate "2013.12.14"]

1. c4 Nf6 2. g3 g6 3. Bg2 Bg7 4. Nc3 O-O 5. e3 d6 6. Nge2 e5 7. O-O Nc6 8. h3
Be6 9. Nd5 Qd7 10. Kh2 Ne8 11. d4 f5 12. b4 Nd8 13. Qb3 c6 14. Ndc3 Nf6 15. d5
Bf7 16. Rd1 Qc7 17. Ba3 Rc8 18. Rac1 Qb8 19. f4 Re8 20. Rd3 exf4 21. exf4 cxd5
22. cxd5 b5 23. Nd4 a6 24. Bb2 Qb7 25. Nc6 Qb6 26. Qd1 Qf2 27. Rd2 Qb6 28. Re2
Rxe2 29. Qxe2 Nxc6 30. dxc6 Re8 31. Qd2 Ne4 32. Bxe4 fxe4 33. Nd5 Qa7 34. Bxg7
Bxd5 35. Ba1 Bf7 36. Qb2 Kf8 37. c7 Rc8 38. Qh8+ Ke7 39. Bf6+ Ke6 40. Qxc8+ Kxf6
41. Qd8+ Kg7 42. Rc2 1-0

[Event "ch-European Rapid 2013"]
[Site "Warsaw POL"]
[Date "2013.12.14"]
[Round "7.47"]
[White "Ulanowski, Karol"]
[Black "Przedmojski, Rafal"]
[Result "1-0"]
[WhiteElo "2144"]
[BlackElo "2367"]
[WhiteFideId "1108964"]
[BlackFideId "1102451"]
[EventDate "2013.12.14"]

1. e4 c6 2. d4 d5 3. Nc3 dxe4 4. Nxe4 Nd7 5. Ng5 Ndf6 6. N1f3 h6 7. Nxf7 Kxf7 8.
Ne5+ Ke8 9. Bd3 Qa5+ 10. Bd2 Qd5 11. Bg6+ Kd8 12. Nf7+ Kc7 13. Bf4+ Kb6 14. Nxh8
Bg4 15. Qd3 a5 16. c4 Qe6+ 17. Kf1 Bh5 18. Qb3+ Ka7 19. Bc7 b5 20. cxb5 Qe2+ 21.
Kg1 cxb5 22. Bxh5 Qxh5 23. Be5 Qe2 24. Qc3 Qc4 25. Qxa5+ Kb7 26. Qc3 Qxc3 27.
bxc3 Nd5 28. Ng6 Nxc3 29. Nxf8 Rxf8 30. f3 Nf6 31. Bxf6 exf6 32. Kf2 Ra8 33.
Rhc1 Ra3 34. Rc2 Kc6 35. Rb2 Nd5 36. Rc1+ Kb6 37. Rc5 Nc3 38. Kf1 Rxa2 39.
Rcxb5+ Nxb5 40. Rxa2 Nxd4 41. Rd2 Kc5 42. Kf2 g5 43. Ra2 Kd5 44. Ra5+ Ke6 45.
Ke3 Nf5+ 46. Kd3 h5 47. Ra6+ Ke5 48. Ra4 Nh4 49. Ra2 Nf5 50. g3 h4 51. Ra5+ Ke6
52. g4 Nd6 53. Rc5 Nf7 54. f4 gxf4 55. Ke4 Ne5 56. Ra5 Nxg4 57. Ra6+ Kf7 58. Ra2
Nh6 59. Kxf4 Kg6 60. Ra7 h3 61. Ra5 Nf7 62. Kg3 Ng5 63. Kg4 Kf7 64. Kf5 Nf3 65.
Ra7+ Ke8 66. Ke6 Kd8 67. Ra2 f5 68. Kxf5 Ke7 69. Kg4 Ne5+ 70. Kxh3 Kf6 71. Kg3
Kf5 72. Ra5 Kf6 73. Kf4 Ng6+ 74. Kg4 Ne5+ 75. Rxe5 Kxe5 76. Kg5 Ke6 77. Kg6 Ke7
78. Kg7 Ke6 79. h4 Kf5 80. h5 1-0

[Event "ch-European Rapid 2013"]
[Site "Warsaw POL"]
[Date "2013.12.14"]
[Round "7.48"]
[White "Szewczyk, Mariusz2"]
[Black "Lokander, Martin"]
[Result "1-0"]
[WhiteElo "1997"]
[BlackElo "2246"]
[WhiteFideId "1147579"]
[BlackFideId "1709569"]
[EventDate "2013.12.14"]

1. Nf3 e5 2. e4 Nc6 3. d4 exd4 4. Nxd4 Nf6 5. Nxc6 bxc6 6. Bd3 d5 7. exd5 cxd5
8. O-O Be7 9. Bg5 O-O 10. Re1 h6 11. Bh4 Rb8 12. b3 Re8 13. Nd2 Bg4 14. Nf3 Bb4
15. Rxe8+ Qxe8 16. Bxf6 gxf6 17. h3 Bxf3 18. Qxf3 Qe5 19. Rd1 Bd6 20. g3 c6 21.
Qg4+ Kf8 22. Qd7 Bc5 23. Kg2 Qe6 24. Bf5 Qxd7 25. Bxd7 Rb6 26. Re1 Be7 27. Kf3
c5 28. Rd1 Rd6 29. Bf5 Ke8 30. Kg4 Kd8 31. Re1 d4 32. Bd3 Rd5 33. f4 Rd6 34. Bc4
Ke8 35. f5 Kf8 36. Kh5 Rd8 37. Kxh6 Bd6 38. g4 Kg8 39. h4 Bg3 40. Re7 Rf8 41. g5
Bxh4 42. g6 Bg5+ 43. Kh5 Kg7 44. Rxa7 Bd2 45. Rxf7+ Rxf7 46. gxf7 Be1 47. a4 Bb4
48. Kg4 Kf8 49. Kf4 Ke7 50. Ke4 Bd2 51. Kd5 Kxf7 52. Kxc5+ Ke7 53. Kxd4 Kd6 54.
c3 Be1 55. Be6 Kc6 56. b4 Bd2 57. a5 Bf4 58. Kc4 Be5 59. b5+ Kc7 60. b6+ Kb7 61.
Kb4 Ka6 62. Bc8# 1-0

[Event "ch-European Rapid 2013"]
[Site "Warsaw POL"]
[Date "2013.12.14"]
[Round "7.49"]
[White "Borsos, Bogdan"]
[Black "Lapaj, Mateusz"]
[Result "0-1"]
[WhiteTitle "IM"]
[WhiteElo "2290"]
[BlackElo "2031"]
[WhiteFideId "14100568"]
[BlackFideId "1170805"]
[EventDate "2013.12.14"]

1. d4 Nf6 2. c4 d6 3. g3 g6 4. Bg2 Bg7 5. Nc3 O-O 6. Nf3 Nbd7 7. O-O e5 8. e4
exd4 9. Nxd4 Nc5 10. h3 a5 11. Re1 Re8 12. b3 Nfd7 13. Bb2 Ne5 14. Bf1 c6 15.
Nc2 Qb6 16. Rb1 f5 17. Ba1 fxe4 18. Nxe4 Nxe4 19. Rxe4 Bf5 20. Rd4 Bxc2 0-1

[Event "ch-European Rapid 2013"]
[Site "Warsaw POL"]
[Date "2013.12.15"]
[Round "8.1"]
[White "Rapport, Richard"]
[Black "Ragger, Markus"]
[Result "1/2-1/2"]
[WhiteTitle "GM"]
[BlackTitle "GM"]
[WhiteElo "2687"]
[BlackElo "2646"]
[WhiteFideId "738590"]
[BlackFideId "1610856"]
[EventDate "2013.12.14"]

1. e4 e5 2. Nf3 Nc6 3. Bb5 a6 4. Ba4 Nf6 5. O-O Be7 6. Re1 b5 7. Bb3 O-O 8. h3
d6 9. c3 Bb7 10. d4 Re8 11. Ng5 Rf8 12. Nf3 Re8 13. Ng5 Rf8 14. Nf3 1/2-1/2

[Event "ch-European Rapid 2013"]
[Site "Warsaw POL"]
[Date "2013.12.15"]
[Round "8.2"]
[White "Cheparinov, Ivan"]
[Black "Socko, Bartosz"]
[Result "1/2-1/2"]
[WhiteTitle "GM"]
[BlackTitle "GM"]
[WhiteElo "2672"]
[BlackElo "2657"]
[WhiteFideId "2905540"]
[BlackFideId "1107038"]
[EventDate "2013.12.14"]

1. d4 Nf6 2. c4 e6 3. Nf3 b6 4. g3 Bb7 5. Bg2 c5 6. d5 exd5 7. Ng5 h6 8. Nh3 b5
9. Nc3 bxc4 10. Nf4 Na6 11. Ncxd5 Nxd5 12. Nxd5 Nb4 13. O-O Nxd5 14. Bxd5 Bxd5
15. Qxd5 Be7 16. Rd1 O-O 17. Qxc4 Rb8 18. b3 Re8 19. Be3 d6 20. Rd5 Rb4 21. Qd3
Qc7 22. Rc1 Bf8 23. Bf4 Re6 24. Rd1 Rb6 25. h4 Qb7 26. Rd2 Qe7 27. h5 Qe8 28. f3
a5 29. Qc2 a4 30. Kf2 axb3 31. axb3 Qe7 32. R2d3 Qa7 33. Kg2 Qa1 34. Rd1 Qa6 35.
R1d2 Qa1 36. Rd1 Qa6 37. R1d2 Qa1 38. Rd1 Qa6 1/2-1/2

[Event "ch-European Rapid 2013"]
[Site "Warsaw POL"]
[Date "2013.12.15"]
[Round "8.3"]
[White "Malakhov, Vladimir"]
[Black "Bryzgalin, Kirill"]
[Result "1-0"]
[WhiteTitle "GM"]
[BlackTitle "GM"]
[WhiteElo "2716"]
[BlackElo "2460"]
[WhiteFideId "4120787"]
[BlackFideId "4133285"]
[EventDate "2013.12.14"]

1. e4 e5 2. Nf3 Nc6 3. Bc4 Be7 4. O-O Nf6 5. d3 O-O 6. Re1 d6 7. a4 Be6 8. a5 a6
9. Nc3 Kh8 10. h3 Bxc4 11. dxc4 Nd7 12. Nd5 Nc5 13. b4 Ne6 14. c3 Re8 15. Be3
Bf8 16. Qc2 Nb8 17. c5 f6 18. Rad1 Nd7 19. cxd6 Bxd6 20. c4 Bf8 21. c5 Qc8 22.
c6 Nb8 23. cxb7 Qxb7 24. Rc1 Bd6 25. Nh4 Nd7 26. Nf5 Bxb4 27. Rb1 c5 28. Nxb4
cxb4 29. Nd6 1-0

[Event "ch-European Rapid 2013"]
[Site "Warsaw POL"]
[Date "2013.12.15"]
[Round "8.4"]
[White "Tregubov, Pavel V."]
[Black "Korobov, Anton"]
[Result "0-1"]
[WhiteTitle "GM"]
[BlackTitle "GM"]
[WhiteElo "2625"]
[BlackElo "2713"]
[WhiteFideId "4115341"]
[BlackFideId "14105730"]
[EventDate "2013.12.14"]

1. d4 d5 2. c4 c6 3. Nf3 Nf6 4. e3 e6 5. Bd3 Nbd7 6. Nbd2 dxc4 7. Nxc4 b5 8.
Nce5 Bb7 9. O-O Nxe5 10. Nxe5 a6 11. a4 Be7 12. b3 O-O 13. Bb2 bxa4 14. Rxa4 c5
15. dxc5 Bxc5 16. Ng4 Be7 17. Nxf6+ Bxf6 18. Bxh7+ Kxh7 19. Qh5+ Kg8 20. Bxf6
Qxf6 21. Rh4 Qh6 22. Qg4 Qg6 23. Qh3 f5 0-1

[Event "ch-European Rapid 2013"]
[Site "Warsaw POL"]
[Date "2013.12.15"]
[Round "8.5"]
[White "Maiorov, Nikita1"]
[Black "Wojtaszek, Radoslaw"]
[Result "0-1"]
[WhiteTitle "GM"]
[BlackTitle "GM"]
[WhiteElo "2552"]
[BlackElo "2711"]
[WhiteFideId "13501720"]
[BlackFideId "1118358"]
[EventDate "2013.12.14"]

1. d4 Nf6 2. c4 e6 3. Nc3 Bb4 4. Qc2 O-O 5. a3 Bxc3+ 6. Qxc3 d6 7. Nf3 Nc6 8.
Bg5 Qe7 9. d5 Nb8 10. Bxf6 Qxf6 11. Qxf6 gxf6 12. e3 a5 13. b3 Na6 14. O-O-O Nc5
15. Nd2 Bd7 16. Be2 Rfb8 17. a4 Kf8 18. Kb2 Ke7 19. Kc3 c6 20. Bf3 cxd5 21. cxd5
e5 22. Ne4 Na6 23. Be2 b5 24. axb5 Bxb5 25. Bc4 Bxc4 26. bxc4 f5 27. Nd2 Nb4 28.
Ra1 Rc8 29. Kb3 Nxd5 30. Rhb1 Rcb8+ 31. Kc2 Rxb1 32. Nxb1 Nb6 33. Kd3 Kd7 34.
Nc3 Kc6 35. h3 h5 36. f4 exf4 37. exf4 a4 38. Nb5 Kc5 39. Na3 Rg8 0-1

[Event "ch-European Rapid 2013"]
[Site "Warsaw POL"]
[Date "2013.12.15"]
[Round "8.7"]
[White "Pakleza, Zbigniew"]
[Black "Jobava, Baadur"]
[Result "0-1"]
[WhiteTitle "IM"]
[BlackTitle "GM"]
[WhiteElo "2490"]
[BlackElo "2705"]
[WhiteFideId "1119290"]
[BlackFideId "13601520"]
[EventDate "2013.12.14"]

1. d4 Nf6 2. Nf3 d6 3. Bf4 Nh5 4. Bg5 h6 5. Bh4 g5 6. Bg3 Bg7 7. e3 e6 8. c3 Nc6
9. Nbd2 Qe7 10. Qc2 Bd7 11. Be2 f5 12. O-O-O O-O-O 13. Ne1 Nf6 14. Bd3 Kb8 15.
a3 Rhf8 16. f3 f4 17. exf4 Nd5 18. Bf2 Nxf4 19. Ne4 e5 20. dxe5 Nxe5 21. Bf1 b6
22. c4 Bc6 23. h4 g4 24. Bd4 Ne6 25. Bxe5 Bxe5 26. Nd3 Nd4 27. Nb4 Bb7 28. Qa4
gxf3 29. gxf3 Rxf3 30. Nc3 Qh7 31. Rxd4 Bxd4 32. Nc6+ Bxc6 33. Qxc6 Rxf1+ 0-1